Competencias claves para la comunicacion organizacional (Registro nro. 364981)
[ vista simple ]
| 001 - NÚMERO DE CONTROL | |
|---|---|
| campo de control | 943194 |
| 005 - FECHA Y HORA DE LA ÚLTIMA TRANSACCIÓN | |
| campo de control | 20240831090648.0 |
| 008 - DATOS DE LONGITUD FIJA--INFORMACIÓN GENERAL | |
| campo de control de longitud fija | 050906e20050601 spa |
| 035 ## - NÚMERO DE CONTROL DEL SISTEMA | |
| Número de control de sistema | 943194 |
| 035 ## - NÚMERO DE CONTROL DEL SISTEMA | |
| Número de control de sistema | (OCoLC)820332493 |
| 040 ## - FUENTE DE LA CATALOGACIÓN | |
| Centro/agencia transcriptor | comduadb |
| 041 ## - CÓDIGO DE LENGUA | |
| Código de lengua del texto/banda sonora o título independiente | spa |
| 100 10 - ENTRADA PRINCIPAL--NOMBRE DE PERSONA | |
| Nombre de persona | Pacheco, Ruth |
| Código de función | aut |
| Término indicativo de función/relación | Autor/a |
| 9 (RLIN) | 548069 |
| 245 10 - MENCIÓN DE TÍTULO | |
| Título | Competencias claves para la comunicacion organizacional |
| 650 #7 - PUNTO DE ACCESO ADICIONAL DE MATERIA--TÉRMINO DE MATERIA | |
| Término de materia o nombre geográfico como elemento de entrada | Competencia comunicativa |
| Fuente del encabezamiento o término | embne |
| 9 (RLIN) | 52369 |
| 650 #7 - PUNTO DE ACCESO ADICIONAL DE MATERIA--TÉRMINO DE MATERIA | |
| Término de materia o nombre geográfico como elemento de entrada | Comunicación organizacional |
| Fuente del encabezamiento o término | lemb |
| 9 (RLIN) | 33998 |
| 650 ## - PUNTO DE ACCESO ADICIONAL DE MATERIA--TÉRMINO DE MATERIA | |
| Término de materia o nombre geográfico como elemento de entrada | Conflicto organizacional |
| 9 (RLIN) | 78449 |
| 773 0# - ENLACE AL DOCUMENTO FUENTE/ENTRADA DE REGISTRO ANFITRIÓN | |
| Título | Chasqui : Revista Latinoamericana de Comunicación (Quito) |
| Parte(s) relacionada(s) | No. 090, Jun. 2005, p. 70-75 |
| Número de control del registro | 126705 |
| Número Internacional Normalizado para Publicaciones Seriadas | 1390-1079 |
| Número bibliográfico anfitrión | 70411 |
| 942 ## - ELEMENTOS DE ENTRADA AGREGADA (KOHA) | |
| Tipo de ítem Koha | Artículo de Revista |
No hay ítems disponibles.